Інвестування в охорону здоров'я (Запис № 326712)

МАРК-запис
000 -Лідер
fixed length control field 00723nam a22002417a 4500
001 - Контрольний номер
control field 40573
003 - Ідентифікатор контрольного номера
control field UA-OsUOA
005 - Дата та час останнього входження (трансакції)
control field 20200126141218.0
007 - Фіксоване поле фізичного опису
fixed length control field ta
008 - Елементи даних фіксованої довжини – загальна інформація
fixed length control field 20060811b un ||||| |||| 00| 0 ukr d
020 ## - Міжнародний стандартний книжковий номер (ISBN)
Міжнародний стандартний книжковий номер (ISBN) (НП) 966-518-297-8
040 ## - Джерело каталогізації
Агенція оригінальної каталогізації UA-OsUOA
Мова каталогізації ukr
Агенція, яка здійснювала перезапис UA-OsUOA
Агенція, яка здійснювала модифікацію UA-OsUOA
041 ## - Код мови
Код мови тексту/ звукової доріжки чи окремого заголовка (П) ukr
080 ## - Індекс Універсальної десяткової класифікації
Індекс Універсальної десяткової класифікації (УДК) (НП) 330.322.3:61
090 ## - Локальний шифр розміщення
Класифікаційний індекс УДК 330.322.3:61
Авторський знак (НП) Г87
100 ## - Основне введення – ім’я особи
Ім’я особи (НП) Гроот В.
245 ## - Відомості про назву
Назва (НП) Інвестування в охорону здоров'я
Решта назви (НП) інавгураційна лекція почес. професора КМА 1 вересня 2004 р.
260 ## - Публікація, розповсюдження і т.п. (Вихідні дані)
Місце публікації, розповсюдження і т.п. (П) К.
Ім’я/ наймення видавництва, розповсюджувача і т.п. (П) КМА
Дата публікації, розповсюдження і т.п. (П) 2004
300 ## - Фізичний опис
Обсяг 46 с.
650 #7 - Додаткове предметне введення – тематичний термін
Тематичний термін чи географічна назва, як елемент введення (НП) 330 Економіка взагалі
Джерело заголовка чи терміна UDC
942 ## - Додаткові елементи входу (Коха)
Тип елемента Koha Книги
Source of classification or shelving scheme Universal Decimal Classification
955 ## - Код типу видання за змістом
Код типу видання за змістом (НП) Наукові видання
Фонди
Стан вилучень Стан втрат Джерело класифікації або схеми стелажів Стан уражень Не для кредиту Постійне місце розташування Поточне розміщення Дата придбання Джерело придбання Вартість, звичайна ціна покупки Інвентарний номер Усього замовленно Повний номер виклику Штрих-код Дата останнього перегляду Ціна ефективна від Тип елемента Koha
    Universal Decimal Classification     АБ - Абонемент НБ АБ - Абонемент НБ 11/08/2006 84/2006 3.12 98051   330.322.3:61 Г87 98051 03/12/2021 11/08/2006 Книги
    Universal Decimal Classification     АБ - Абонемент НБ АБ - Абонемент НБ 11/08/2006 84/2006 3.12 98052   330.322.3:61 Г87 98052 02/12/2021 11/08/2006 Книги
    Universal Decimal Classification     АБ - Абонемент НБ АБ - Абонемент НБ 11/08/2006 84/2006 3.12 98053   330.322.3:61 Г87 98053 02/12/2021 11/08/2006 Книги
    Universal Decimal Classification     АБ - Абонемент НБ АБ - Абонемент НБ 11/08/2006 84/2006 3.12 98054   330.322.3:61 Г87 98054 02/12/2021 11/08/2006 Книги
    Universal Decimal Classification     АБ - Абонемент НБ АБ - Абонемент НБ 11/08/2006 84/2006 3.12 98055   330.322.3:61 Г87 98055 02/12/2021 11/08/2006 Книги